000 00948na a2200289 4500
001 22318
003 MIRAKIL
005 20181213155251.0
008 170213b tu 000 0
035 _a22318
040 _aMilas
_btur
_cTR-AnCHP
041 _atur
090 _aSHP 17
110 _aSosyaldemokrat Halkçı Parti (SHP)
245 _aLaik cumhuriyet için değerlendirme ve öneriler
_cSosyaldemokrat Halkçı Parti Merkez Yürütme Kurulu
246 _aSHP laik cumhuriyet için değerlendirme ve öneriler
260 _aAnkara
_bSHP
_c1991
300 _a53 s.
_c19 sm.
440 _aSHP yayınları
_pPolitika önerileri
610 _aSHP
_xDevlet ve yönetim sistemleri
_yÖneriler
610 _aSHP
_xPropaganda ve ideolojiler
_yLaiklik
650 _aLaiklik
650 _aSosyal demokrat partiler
_xSHP
_yPropaganda ve ideolojiler
_zTürkiye
830 _aSHP politika önerileri
942 _2ddc
_cBKS
999 _c9567
_d9567